Využitie uhlíkových nanotrubičiek v produkcii a uskladnení vodíka

Bibliographic Details
Main Authors: Oriňaková, Renáta, 1969- (Author), Oriňák, Andrej, 1961- (Author)
Format: Book
Language:Slovak
PhysicalDescription:139 s. fotogr., sch., tab. 21 cm
Published: Košice Univerzita Pavla Jozefa Šafárika, Prírodovedecká fakulta 2011
ISBN:9788070979099
Edition:1. vyd.
Subjects:

MARC

LEADER 00000nam a2200000 a 4500
001 vtls010335688
003 SK-MaSNL
005 20260301173450.0
008 240318s2011 xo ol 000 0 slo
015 |a SNBA2012/03-01346 
020 |a 9788070979099  |q (brož.) 
035 |a 83F7E6B2-9A27-4770-9765-70329742CFD0 
035 |a urn:nbn:sk:snk-amjjlg 
035 |a urn:nbn:sk:snk-am000xu4 
040 |a SNK  |b slo  |c SNK  |e AACR2 
041 0 |a slo 
044 |a xo  |c SK 
072 7 |a 661  |x Chemikálie  |2 konspekt 
080 |a 661.96  |2 2001 
080 |a 658.5  |2 2001 
080 |a 62:662.769.2  |2 2001 
080 |a (048.8)  |2 2001 
100 1 |a Oriňaková, Renáta,  |d 1969-  |4 aut  |9 217739 
245 1 0 |a Využitie uhlíkových nanotrubičiek v produkcii a uskladnení vodíka  |c Renáta Oriňáková, Andrej Oriňák 
250 |a 1. vyd. 
260 |a Košice  |b Univerzita Pavla Jozefa Šafárika, Prírodovedecká fakulta  |c 2011 
300 |a 139 s.  |b fotogr., sch., tab.  |c 21 cm 
504 |a Bibliogr. odkazy 
650 0 7 |a vodík  |2 SNKPH  |9 23051 
650 0 7 |a výrobné procesy  |2 SNKPH  |9 49951 
650 0 7 |a vodíkové technológie  |2 SNKPH  |9 151628 
650 0 7 |a Hydrogen  |2 SNKPHeng  |9 327713 
650 0 7 |a Manufacturing processes  |2 SNKPHeng  |9 302679 
650 0 7 |a Hydrogen technologies  |2 SNKPHeng  |9 327714 
655 7 |a monografie  |2 SNKPH  |9 70139 
655 7 |a Monographs  |2 SNKPHeng  |9 120675 
700 1 |a Oriňák, Andrej,  |d 1961-  |4 aut  |9 221512 
919 |a 978-80-7097-909-9 
958 |a NB 
968 |d 66/69 
999 |c 836732  |d 838662 
952 |a SNK  |b SNK  |y PREZ  |7 0  |p 17A0875826  |o snkSC 147856  |i snk2012/1378  |8 0  |0 0  |1 0  |4 0  |d 2012-01-18  |l 0  |r 2025-07-16 00:00:00  |w 2026-02-24 
952 |a SNK  |b SNK  |y VYP  |7 0  |p 17A0875825  |o snkSC 147856 D1  |i snk2012/1379  |8 0  |0 0  |1 0  |4 0  |d 2012-01-18  |f 1  |l 0  |r 2026-02-24 03:57:15  |w 2026-02-24